LDR 01309naa#a2200205#i#450# 001 RU\\bibl\126437 005 20260629225306.1 011 ## _a2223-9987 100 ## _a20260629b2026####ek#y0rusy0150####ca 102 ## _aRU 200 1# _aПостроение оптимальной модели движения высокоскоростного электропоезда на основе предварительно рассчитанных переходов и динамического программирования _eЖурнальная статья 210 1# _aСанкт-Петербург _cФГБОУ ВО "Петербургский государственный университет путей сообщения Императора Александра I" _d2026 215 ## _a14 с. 608 ## _aЖурнальная статья _2local 675 ## _aСпециальные системы управления и контроля для железнодорожного подвижного состава. 629.4.053 _z 700 #1 _aВалинский _gОлег Сергеевич 700 #1 _aЕвстафьев _gАндрей Михайлович 700 #1 _aСычугов _gАнтон Николаевич 700 #1 _aСуханов _gЕвгений Владимирович 856 4# _aatjournal.ru _u